| 000 | 00475nam a2200205Ia 4500 | ||
|---|---|---|---|
| 003 | 0100 | ||
| 008 | 130303s9999 xx 000 0 und d | ||
| 040 | _cARRUPELIB | ||
| 050 | _aBR1360.H367 1996 | ||
| 100 | _aHealey, Joseph | ||
| 245 | _aTowards an African narrative theology | ||
| 260 | _aAfrica | ||
| 260 | _bPaulines Publications | ||
| 260 | _C1995 | ||
| 300 | _a400p. | ||
| 300 | _b 23 cm. | ||
| 650 | _aTHEOLOGY | ||
| 700 | _aSybertz, Donald | ||
| 942 | 0 | 0 | _01 |
| 999 |
_c18508 _d18508 |
||